[Event "Sachsen-Anhalt-ch op"]
[Site "Magdeburg"]
[Date "2022.10.29"]
[Round "1"]
[White "Pham, Jacky"]
[Black "Marnyuk, Serhiy"]
[Result "0-1"]
[WhiteElo "1201"]
[BlackElo "1783"]
[PlyCount "115"]
[EventDate "2022.10.29"]
[EventType "swiss"]
[EventRounds "7"]
[EventCountry "GER"]
[SourceTitle "CBM 211 Extra"]
[Source "ChessBase"]
[SourceDate "2023.01.31"]
[SourceVersion "1"]
[SourceVersionDate "2023.01.31"]
[SourceQuality "1"]

1. e4 g6 2. Nc3 Bg7 3. g3 c6 4. Bg2 e6 5. d3 d5 6. exd5 cxd5 7. Nge2 Nc6 8. 0-0 Nge7 9. f4 0-0 10. d4 Nf5 11. g4 Nfxd4 12. Ng3 Ne7 13. Be3 Ndc6 14. Bc5 Qa5 15. b4 Qc7 16. Nb5 Qd8 17. Rc1 b6 18. Bd6 a6 19. Bxe7 Qxe7 20. Na3 Qxb4 21. Nb1 b5 22. c3 Qc5+ 23. Kh1 Na5 24. f5 Nc4 25. Qf3 Qe3 26. Rce1 Qxf3 27. Bxf3 Bd7 28. Bg2 Rac8 29. f6 Bh6 30. h4 Rfd8 31. g5 Bf8 32. h5 Bd6 33. Rf3 Ne5 34. Rfe3 Ng4 35. Rf3 e5 36. hxg6 hxg6 37. Ne2 e4 38. Rff1 Ne3 39. Rf2 Ng4 40. Rff1 Ne3 41. Rf2 Nf5 42. Rd1 Bc5 43. Nd4 e3 44. Rf3 Nxd4 45. cxd4 e2 46. Re1 Bxd4 47. Rb3 Bg4 48. Bf3 Bxf3+ 49. Rxf3 Rc2 50. Kg2 Bc5 51. Nc3 Re8 52. a3 Re5 53. Rg3 Bxa3 54. Nxd5 Bd6 55. Ne3 Ra2 56. Kf2 Bc5 57. Rc1 Bxe3+ 58. Rxe3 0-1

[Event "Sachsen-Anhalt-ch op"]
[Site "Magdeburg"]
[Date "2021.10.29"]
[Round "3"]
[White "Schiffner, Robin"]
[Black "Marnyuk, Serhiy"]
[Result "1/2-1/2"]
[WhiteElo "1321"]
[BlackElo "1788"]
[PlyCount "92"]
[EventDate "2021.10.28"]
[EventType "swiss"]
[EventRounds "7"]
[EventCountry "GER"]
[SourceTitle "CBM 205 Extra"]
[Source "ChessBase"]
[SourceDate "2022.01.31"]
[SourceVersion "1"]
[SourceVersionDate "2022.01.31"]
[SourceQuality "1"]

1. e4 c6 2. d4 g6 3. Bd3 a6 4. Bf4 d5 5. exd5 cxd5 6. c3 f6 7. Nf3 Nh6 8. 0-0 Bg7 9. Nbd2 0-0 10. Nb3 Nc6 11. Re1 Nf7 12. Nc5 e5 13. dxe5 fxe5 14. Bg3 e4 15. Nxe4 dxe4 16. Rxe4 Bf5 17. Re3 Bxd3 18. Rxd3 Qb6 19. Qc2 Rac8 20. Rad1 Nb4 21. Qb3 a5 22. cxb4 Qxb4 23. Qxb4 axb4 24. Rb3 Rc4 25. a3 Rfc8 26. h3 Rc1 27. Rxc1 Rxc1+ 28. Kh2 Rc4 29. axb4 Rc2 30. Bf4 Rxf2 31. Bd2 Ne5 32. Kg3 Re2 33. Bc3 Nc4 34. Bxg7 Kxg7 35. Nd4 Rxb2 36. Rxb2 Nxb2 37. Ne6+ Kf6 38. Nc5 b5 39. Kf4 Nc4 40. Ne4+ Kg7 41. Nc3 Na3 42. Ke4 Kf6 43. Kd5 Kf5 44. Kc5 Kf4 45. Nxb5 Nc2 46. Nc7 Nxb4 1/2-1/2

[Event "Sachsen-Anhalt Landesliga A 18/19"]
[Site "Sachsen Anhalt"]
[Date "2019.02.03"]
[Round "6.3"]
[White "Marnyuk, Serhiy"]
[Black "Woelfer, Wiebke"]
[Result "0-1"]
[WhiteElo "1820"]
[BlackElo "1983"]
[PlyCount "106"]
[EventDate "2018.09.23"]
[EventType "team-tourn"]
[EventRounds "9"]
[EventCountry "GER"]
[SourceTitle "EXT 2022"]
[Source "ChessBase"]
[SourceDate "2021.10.06"]
[SourceVersion "1"]
[SourceVersionDate "2021.10.06"]
[SourceQuality "1"]
[WhiteTeam "Magdeburg Aufbau Elbe IV"]
[BlackTeam "Aschersleben SV Lok"]
[WhiteTeamCountry "GER"]
[BlackTeamCountry "GER"]

1. b3 e5 2. Bb2 Nc6 3. e3 d6 4. Ne2 Bg4 5. h3 Bh5 6. g4 Bg6 7. Bg2 Nge7 8. d3 Qd7 9. Nbc3 0-0-0 10. e4 h5 11. g5 h4 12. Qd2 f5 13. 0-0-0 Bh5 14. f3 d5 15. Nxd5 Nxd5 16. exd5 Qxd5 17. Nc3 Qa5 18. Kb1 Bb4 19. Rdf1 Nd4 20. a3 Bxa3 21. Bxa3 Qxa3 22. Qc1 Qa5 23. Qb2 Rd6 24. f4 exf4 25. Rxf4 Qe5 26. Rhf1 Re8 27. Nd5 Qe1+ 28. Rxe1 Rxe1+ 29. Ka2 Ra6+ 30. Qa3 Rxa3+ 31. Kxa3 Nxc2+ 32. Kb2 Ne3 33. Nxe3 Rxe3 34. Rxh4 g6 35. Kc3 Rg3 36. Bd5 Rxg5 37. Be6+ Kb8 38. Rd4 a6 39. Rd8+ Ka7 40. Rd7 Kb6 41. Rd4 Rg3 42. Rb4+ Ka7 43. Bc8 Bf3 44. Rh4 Bg2 45. Rh7 Rxh3 46. Rxc7 Kb8 47. Rc4 Bf1 48. Be6 Rxd3+ 49. Kc2 Rd6 50. Rc8+ Ka7 51. Re8 f4 52. Re7 f3 53. Bc8 Rc6+ 0-1

[Event "Sachsen-Anhalt Landesliga A 18/19"]
[Site "Sachsen Anhalt"]
[Date "2018.09.23"]
[Round "1.7"]
[White "Holze, Bernd"]
[Black "Marnyuk, Serhiy"]
[Result "1-0"]
[WhiteElo "1930"]
[BlackElo "1820"]
[PlyCount "56"]
[EventDate "2018.09.23"]
[EventType "team-tourn"]
[EventRounds "9"]
[EventCountry "GER"]
[SourceTitle "EXT 2022"]
[Source "ChessBase"]
[SourceDate "2021.10.06"]
[SourceVersion "1"]
[SourceVersionDate "2021.10.06"]
[SourceQuality "1"]
[WhiteTeam "Magdeburg Rochade II"]
[BlackTeam "Magdeburg Aufbau Elbe IV"]
[WhiteTeamCountry "GER"]
[BlackTeamCountry "GER"]

1. e4 g6 2. d4 Bg7 3. Nc3 c6 4. Nf3 d5 5. exd5 cxd5 6. Bb5+ Nc6 7. Ne5 Bd7 8. Nxd7 Qxd7 9. Be3 Nf6 10. 0-0 0-0 11. h3 a6 12. Bxc6 bxc6 13. Na4 Ne4 14. Nb6 Qb7 15. Nxa8 Rxa8 16. Qc1 Rc8 17. Rb1 Qb5 18. Rd1 Qa5 19. Rd3 Nd6 20. Qe1 Qd8 21. b3 e6 22. Rbd1 Ra8 23. a4 h5 24. Rc3 Qd7 25. Qe2 Ne4 26. Rcd3 c5 27. Qf3 c4 28. bxc4 dxc4 1-0